England in the eighteen thirties: decade of reform /

Bibliographic Details
Main Author: Finlayson, Geoffrey Beauchamp Alistair Mowbray
Format: Book
Language:English
Published: London : Edward Arnold, 1969.
Series:Foundations of modern history.
Subjects:

MARC

Tag First Indicator Second Indicator Subfields
LEADER 00000cam a2200000 4500
001 in00000307698
005 20151010093513.0
008 700821s1969 enk b 00110 eng
010 |a  76481383  
015 |a B70-03827 
020 |a 0713154853  |c 24/- 
035 |a (OCoLC)00090882 
035 |9 ABG8165AM 
040 |a DLC  |c DLC  |d TXA  |d UtOrBLW 
043 |a e-uk--- 
049 |a TXAM  |c [1142638] 
050 0 0 |a DA535  |b .F5 1969 
082 0 |a 320.9/42 
100 1 |a Finlayson, Geoffrey Beauchamp Alistair Mowbray. 
245 1 0 |a England in the eighteen thirties: decade of reform /  |c [by] Geoffrey B. A. M. Finlayson. 
264 1 |a London :  |b Edward Arnold,  |c 1969. 
300 |a x, 115 pages ;  |c 21 cm. 
336 |a text  |b txt  |2 rdacontent 
337 |a unmediated  |b n  |2 rdamedia 
338 |a volume  |b nc  |2 rdacarrier 
490 1 |a Foundations of modern history 
504 |a Bibliography: pages 108-111. 
651 0 |a Great Britain  |x Politics and government  |y 1800-1837. 
651 0 |a Great Britain  |x Social conditions  |y 19th century. 
830 0 |a Foundations of modern history. 
999 |a MARS 
999 f f |s 18faebdf-e634-34ad-94ea-bed1feb21636  |i 7722a00b-5f20-3080-a4d1-1e87390eb40f  |t 0 
952 f f |p normal  |a Texas A&M University  |b College Station  |c Sterling C. Evans Library  |d Evans: Library Stacks  |t 0  |e DA535 .F5 1969  |h Library of Congress classification  |i unmediated -- volume  |m A14801930360 
998 f f |a DA535 .F5 1969  |t 0  |l Evans: Library Stacks